000
00311nam a2200121Ia 4500
008
191201s2005 xx 000 0 und d
100
_a
PRANJPE, Nivedita
245
0
_a
Kalakruti: Print Designs From India
260
_a
N.Delhi
_b
English Education
_c
2005
300
_a
73
650
_a
B.Tech(TE)
942
_2
ddc
_c
BK
999
_c
2342
_d
2342